| Tag |
First Indicator |
Second Indicator |
Subfields |
| LEADER |
00000cam a2200000 4500 |
| 001 |
in00000059404 |
| 005 |
20151007082422.0 |
| 008 |
711207s1964 eng u |
| 035 |
|
|
|a (OCoLC)00179345
|
| 035 |
|
|
|9 AAF7841AM
|
| 040 |
|
|
|c WSU
|d TXA
|d UtOrBLW
|
| 049 |
|
|
|a TXAM
|c [470702]
|
| 090 |
|
|
|a HB2175
|b .M5
|
| 092 |
|
|
|a 312.8
|b M647n
|
| 100 |
1 |
|
|a Miller, Ann Ratner.
|
| 245 |
1 |
0 |
|a Net intercensal migration to large urban areas of the United States, 1930-1940, 1940-1950, 1950-1960.
|
| 264 |
|
1 |
|a [Place of publication not identified] :
|b University of Pennsylvania, Population Studies Center,
|c 1964.
|
| 300 |
|
|
|a 233 pages
|
| 336 |
|
|
|a text
|b txt
|2 rdacontent
|
| 337 |
|
|
|a unmediated
|b n
|2 rdamedia
|
| 338 |
|
|
|a volume
|b nc
|2 rdacarrier
|
| 490 |
1 |
|
|a Pennsylvania. University. Population Studies Center. Analytical and Technical reports,
|v 4
|
| 650 |
|
0 |
|a Migration, Internal
|z United States.
|
| 830 |
|
0 |
|a Analytical and technical reports ;
|v 4.
|
| 999 |
|
|
|a MARS
|
| 999 |
f |
f |
|s c9597e9c-1c99-365c-be6f-2d582f0f1af9
|i 890a446b-25b7-3965-a00c-0d2c82561a18
|t 0
|
| 952 |
f |
f |
|p ric
|a Texas A&M University
|b Rellis Campus
|c Joint Library Facility
|d Remote Storage
|t 0
|e HB2175 .M5
|h Library of Congress classification
|i unmediated -- volume
|m A14800655624
|
| 998 |
f |
f |
|a HB2175 .M5
|t 0
|l Remote Storage
|